000 00731nam a22002171 4500
001 2537106
003 ARRUPE
005 20141219133357.0
008 000413s1962 gh 000 0 eng d
035 _a(OCoLC)ocm43844654
040 _aZCU
_cZCU
090 _aDT30
_b.N452
100 1 _aNkrumah, Kwame,
_d1909-1972.
_913347
245 1 0 _aAfrica's liberation and unity
_caddress by Osagyefo the President to the Nationalist Conference of African Freedom Fighters.
260 _aAccra
_bMinistry of Information and Broadcasting on behalf of the Office of the President]
_c1962.
300 _a27 p.
_c22 cm.
500 _aCover title.
650 _aRhodesia and Nyasaland
_xPolitics
_913484
942 _2lcc
_cSPC
999 _c121480
_d121480